000 00832nam a2200241Ia 4500
001 9902
003 GE_BSU
008 181216s||||||||xx |||||||||||||| ||und||
040 _cGE_BSU
080 _a821.353.1–32
100 _aაბაშიძე,მერაბ
245 _aაქეთ მაშხალები,კვაზიმოდო!
245 _bმოთხრობები
245 _cრედ.ზ.ფირცხალაიშვილი,მხატვ.რედ.ჯ.მიქელაძე
260 _aბათუმი
260 _bსაბჭოთა აჭარა
260 _c1978
300 _a140გვ.16სმ.
541 _h4ლ.
653 _aაქეთ მაშხალები,კვაზიმოდო
653 _aმოთხრობები
942 _cBK
999 _c43180
_d43180